000 01194nam a2200265Ia 4500
001 18506
003 GE_BSU
008 181216s||||||||xx |||||||||||||| ||und||
020 _a9789941935091
040 _cGE_BSU
080 _a371.3+371.315.7
100 _aწიგნზე მუშაობდნენ: მანანა ბოჭორიშვილი,ნათია ნამიჭეიშვილი,ნანა ნაბულიშვილი
245 _aინტერაქტიური მეთოდები
245 _bინტერაქტიური სწავლება
245 _cრედ. ლია ახალაძე.
260 _aთბილისი
260 _bმწიგნობარი
260 _c2015
300 _a110გვ.20სმ.
300 _eბიბლ.გვ.110
541 _h5ლ.50თ.
653 _aინტერაქტიური სწავლების მეთოდები; დიდაქტიკური თამაშები; სწავლების დისკუსიური მეთოდები;
653 _aპედაგოგიკა
942 _cBK
999 _c51517
_d51517